The Cambridge dictionary of philosophy. (2nd ed.) (Record no. 79118)

MARC details
000 -LEADER
fixed length control field 00717nam a2200181 a 4500
008 - FIXED-LENGTH DATA ELEMENTS--GENERAL INFORMATION
fixed length control field 120416s1995 ||||||||||||||||| || u
020 ## - INTERNATIONAL STANDARD BOOK NUMBER
International Standard Book Number 052163136x
050 ## - LIBRARY OF CONGRESS CALL NUMBER
Classification number B 41 Cam
100 ## - MAIN ENTRY--PERSONAL NAME
Personal name Audi, Robert
245 14 - TITLE STATEMENT
Title The Cambridge dictionary of philosophy. (2nd ed.)
Statement of responsibility, etc. edited by Robert Audi
250 ## - EDITION STATEMENT
Edition statement 2nd ed.
260 ## - PUBLICATION, DISTRIBUTION, ETC.
Place of publication, distribution, etc. U. K.
Name of publisher, distributor, etc. Cambridge University Press
Date of publication, distribution, etc. 1995
350 ## -
-- 0.00
650 ## - SUBJECT ADDED ENTRY--TOPICAL TERM
Topical term or geographic name entry element PHILOSOPHY
650 ## - SUBJECT ADDED ENTRY--TOPICAL TERM
Topical term or geographic name entry element PHILOSOPHY--DICTIONARIES
995 ## -
-- REFERENCE BOOKS
-- 0.00
-- 733303
-- CBU-MAIN LIBRARY (Kitwe)
-- 2
-- 48.95
-- B 41 Cam
-- 2
-- REFERENCE
-- 45334
-- Reference Collection
995 ## -
-- REFERENCE BOOKS
-- 0.00
-- 733378
-- CBU-MAIN LIBRARY (Kitwe)
-- 1
-- 48.95
-- B 41 Cam
-- 1
-- REFERENCE
-- 45290
-- Reference Collection
999 ## -
-- 79118
-- 79118

No items available.